| 000 | 00637cam a2200241 4500 | ||
|---|---|---|---|
| 001 | 4592782 | ||
| 005 | 20180115074535.0 | ||
| 008 | 710525s1971 enk b 001 0 eng | ||
| 010 | _a 75562472 | ||
| 015 | _aB71-02736 | ||
| 020 | _a0500010684 | ||
| 040 |
_aDLC _cDLC _dDLC |
||
| 041 | _aeng | ||
| 080 | _a190 FLE | ||
| 082 | 0 | 0 | _a190 FLE |
| 100 | 1 | _a24 | |
| 101 | _aFIL | ||
| 245 | 1 | 3 |
_aAn introduction to western philosophy: _c[by] Antony Flew. |
| 350 | _a£4.20 | ||
| 504 | _aBibliography: p. 485-497. | ||
| 906 |
_a7 _bcbc _corignew _d3 _encip _f19 _gy-gencatlg |
||
| 942 |
_2ddc _cBK |
||
| 999 |
_c40285 _d40285 |
||